Estatísticas para Países com Maiores Manguezais

Clique aqui para jogar o quiz

Estatísticas Gerais

  • Esse quiz foi jogado 2 553 vezes
  • A pontuação média é 11 de 20

Estatísticas das Respostas

km2País% Correto
7,675Brasil
99%
1,569Estados Unidos
82%
2,992México
79%
3,316Austrália
78%
1,672Colômbia
76%
23,324Indonésia
74%
2,404Venezuela
73%
1,886Tailândia
59%
936Equador
58%
4,726Malásia
58%
2,064Filipinas
54%
1,324Panamá
53%
4,172Papua Nova Guiné
49%
1,633Cuba
46%
2,557Myanmar
40%
2,654Nigéria
37%
1,773Bangladesh
36%
1,224Moçambique
36%
1,113Camarões
28%
1,082Gabão
22%

Distribuição das Pontuações

Percentil de Números Respondidos

Porcentagem de Pessoas com Cada Pontuação

Sua Pontuação Histórica

Você não jogou esse quiz